Forjadores del mundo contemporáneo

Na minha lista:
Detalhes bibliográficos
Autor principal: Pérez-Embid, Florentino (Autor)
Formato: Livro
Idioma:espanhol
Publicado em: Barcelona Planeta 1973
Edição:8a. ed
Assuntos:
Tags: Adicionar Tag
Sem tags, seja o primeiro a adicionar uma tag!

MARC

LEADER 00000nam a2200000 a 4500
001 UCT3053
003 CL-VaPUC
008 961018e19730500SP |||||||||||||||||spa|d
082 0 4 |a 920.009  |b PER  |2 21 
100 0 |a Pérez-Embid, Florentino  |e author  |9 372043 
245 1 0 |a Forjadores del mundo contemporáneo 
250 |a 8a. ed 
300 |a v 
942 |c BK 
945 |d 19961018 00:00:00  |a cmena 
260 |a Barcelona  |b Planeta  |c 1973 
650 0 |a Historia contemporánea  |9 343224 
650 0 |a Biografías  |9 255210 
650 0 |a Escritores  |9 313723 
650 0 |a Científicos   |9 262025 
650 7 |a INVENTOS  |2 CL-VaPUC  |9 266077 
650 0 |a Filósofos   |9 269126 
650 0 |a Cambio social   |9 256857 
650 7 |a DESARROLLO CIENTIFICO Y TECNOLOGICO  |2 CL-VaPUC  |9 259101 
583 |a last modification  |c 19961018 00:00:00  |k Rodrigo Vera 
999 |c 252883  |d 252881